Statystyki dla Quiz o Gujanie

Kliknij tutaj aby rozwiązać quiz!

Ogólne statystyki

  • Ten quiz został rozwiązany 428 razy
  • Średni wynik to 11 z 18

Statystyki odpowiedzi

WskazówkaOdpowiedź% Poprawnych
Państwa granicząceBrazylia
98%
Państwa granicząceSurinam
98%
Państwa granicząceWenezuela
98%
Język oficjalnyangielski
94%
Pierwsze państwo Europy, które skolonizowało Gujanę w 1581 rokuHolandia
81%
StolicaGeorgetown
78%
Najpopularniejszy sportKrykiet
71%
Metal, który jest najważniejszym eksportem GujanyZłoto
69%
WalutaDolar gujański
65%
44% Gujańczyków to potomkowie robotników kontraktowych z tego państwaIndie
53%
Najczęściej używany językkreolski gujański
49%
Gujana i jej sąsiedzi znajdują się w tej części skorupy ziemskiejWyżyna {Gujańska}
43%
Gujana jest 6 od końca na świecie pod względem _____Gęstości zaludnienia
38%
Amerykański przywódca sekty, którego wyznawcy popełnili
masowe samobójstwo, pijąc zatruty Flavor-Aid w 1978 roku
Jim Jones
30%
Najdłuższa rzeka w Gujanie, której najdalsze
źródło odkryto dopiero w 2018 roku
Essequibo
27%
Określenie góry stołowej znalezionej w Gujanie i jej zachodnim sąsiedzie
(wskazówka: zaczyna się od T)
Tepui
25%
Największy wodospad z pojedynczą kroplą na świecieKaieteur
24%
Znaczenie słowa "Gujana"Kraina {wielu
wód}
23%

Rozkład punktacji

Percentyl według liczby udzielonych odpowiedzi

Procent ludzi z każdym wynikiem

Twoja historia wyników

Nie rozwiązałeś tego quizu